Foods beginning with B - Statistics

General Stats
  • This quiz has been taken 316 times
  • The average score is 8 of 12
Answer Stats
Picture Answer % Correct
Banana
99%
Brussel Sprout
86%
Basil
85%
Beef
80%
Biscuit
79%
Blue cheese
75%
Baked bean
74%
Banana bread
63%
Beetroot
61%
Bay Leaf
48%
Borlotti Bean
6%
Barley
4%
No matching quizzes found
Score Distribution
Percent of People with Each Score
Percentile by Number Answered
Your Score History
You have not taken this quiz